00466pam a2200181 a 4500001000800000005001700008008004100025010001700066020001500083040001800098041000800116080001400124082001800138100000700156101000800163245006000171504005300231338356620180206093719.0880729s1989 enk b 001 0 eng  a 88025196  a0415024242 aDLCcDLCdDLC aeng a650.1 KIR00a650.1 KIR219 a50 aSOC00aAdaptors and innovators :cedited by Michael J. Kirton. aIncludes bibliographical references (p. 199-222)